000 00666cab a2200205 4500
001 WB2943-20
008 090401t1993 xxu||||| |||| 00| 0 eng d
035 _a(Sirsi) u71958
041 _aeng
245 _aTime limit plans
260 _c1993
350 _a0
490 _aPlanning (for the Natural and Built Environment)
_v(1044) 12 November 1993, 10(1)
520 _aRules to protect ancient monuments are to be revised to restrict the open-ended rights currently enjoyed by farmers to plough over sites without specific permission.
650 _aANCIENT MONUMENTS
650 _aPLOUGHING
690 _aCONSERVATION
942 _n0
948 _c04/03/1997
999 _c45391
_d45391